Reformation Europe : (Record no. 2717)

MARC details
000 -LEADER
fixed length control field 01576cam a2200313 a 4500
001 - CONTROL NUMBER
control field 2717
003 - CONTROL NUMBER IDENTIFIER
control field FISKH
005 - DATE AND TIME OF LATEST TRANSACTION
control field 20240111092933.0
008 - FIXED-LENGTH DATA ELEMENTS--GENERAL INFORMATION
fixed length control field 910319s1991 maua b 001 0 eng
010 ## - LIBRARY OF CONGRESS CONTROL NUMBER
LC control number 91071582
020 ## - INTERNATIONAL STANDARD BOOK NUMBER
International Standard Book Number 0669200093
040 ## - CATALOGING SOURCE
Original cataloging agency DLC
Transcribing agency DLC
Modifying agency DLC
Language of cataloging eng
043 ## - GEOGRAPHIC AREA CODE
Geographic area code e------
050 00 - LIBRARY OF CONGRESS CALL NUMBER
Classification number BR305.2
Item number .J46 1992
082 00 - DEWEY DECIMAL CLASSIFICATION NUMBER
Classification number 940.2/3
Edition number 20
100 1# - MAIN ENTRY--PERSONAL NAME
Personal name Jensen, De Lamar,
Dates associated with a name 1925-
245 10 - TITLE STATEMENT
Title Reformation Europe :
Remainder of title age of reform and revolution /
Statement of responsibility, etc. De Lamar Jensen.
260 ## - PUBLICATION, DISTRIBUTION, ETC.
Place of publication, distribution, etc. Lexington, Mass. :
Name of publisher, distributor, etc. D.C. Heath,
Date of publication, distribution, etc. 1992
300 ## - PHYSICAL DESCRIPTION
Extent xiv, 525 pages :
Other physical details illustrations
Dimensions 24 cm.
490 ## - SERIES STATEMENT
Volume/sequential designation Volume 2
504 ## - BIBLIOGRAPHY, ETC. NOTE
Bibliography, etc. note Includes bibliographical references and index.
520 ## - SUMMARY, ETC.
Summary, etc. These popular volumes offer a comprehensive, challenging introduction to the politics, economic development, social life, culture, and thought of early modern Europe. The Renaissance volume includes discussion of political and religious life in the Italian city-states and an emphasis on the interrelationship of literature, philosophy, art, and science. The Reformation volume provides new examinations of the social and economic aspects of the Reformation and the significance of humanism during the early Reformation period.
650 #0 - SUBJECT ADDED ENTRY--TOPICAL TERM
Topical term or geographic name entry element Reformation.
651 #0 - SUBJECT ADDED ENTRY--GEOGRAPHIC NAME
Geographic name Europe
General subdivision Church history.
856 42 - ELECTRONIC LOCATION AND ACCESS
Materials specified Publisher description
Uniform Resource Identifier <a href="http://www.loc.gov/catdir/enhancements/fy1215/91071582-d.html">http://www.loc.gov/catdir/enhancements/fy1215/91071582-d.html</a>
906 ## - LOCAL DATA ELEMENT F, LDF (RLIN)
a 7
b cbc
c orignew
d 2
e opcn
f 19
g y-gencatlg
942 ## - ADDED ENTRY ELEMENTS (KOHA)
Source of classification or shelving scheme Library of Congress Classification
Koha item type Books
Suppress in OPAC No
Holdings
Withdrawn status Lost status Source of classification or shelving scheme Damaged status Not for loan Collection Home library Current library Shelving location Date acquired Total Checkouts Full call number Barcode Date last seen Price effective from Koha item type
    Library of Congress Classification     Non-Fiction Footprints International School Library Network Toul Kork Campus Footprints International School Library Network Toul Kork Campus   01/11/2024   JEN 940.21 CB361.J43 2024-0011 01/11/2024 01/11/2024 Books